| 000 | 01402cam a2200313 4500 | ||
|---|---|---|---|
| 008 | 090401t1998 xxu||||| |||| 00| 0 eng d | ||
| 020 | _a0854068775 | ||
| 035 | _a(Sirsi) u84683 | ||
| 041 | _aeng | ||
| 050 |
_a333.0062 _c18 |
||
| 110 |
_aRoyal Institution of Chartered Surveyors _94900 |
||
| 245 |
_aProfessional conduct _brules of conduct and disciplinary procedures. |
||
| 250 | _a2nd ed. | ||
| 260 |
_aLondon _bRICS _c1998 |
||
| 300 |
_a1 _fv. (loose-leaf) _c30cm. |
||
| 350 | _a7 | ||
| 490 | _aRICS Rules of Conduct | ||
| 520 | _aNew edition incorporating amendments made at the Extraordinary General Meeting held 27 November 1997, allowed by the Privy Council on 24 June 1998. | ||
| 520 | _aSuperseded by New Conduct and Disciplinary Regulations (July 2001) : Conduct Regulations under Bye-Law 19; Disciplinary Regulations under Bye-Laws 10, 21 and 22; Disciplinary Constitutional Bodies Regulations under Bye-Laws 22 and 51 (J116520). Supersedes "The chartered surveyors' rule book: rules of conduct for chartered surveyors" (M82782). | ||
| 650 | _aRICS BYE-LAWS | ||
| 650 | _aRICS MEMBERS' ACCOUNTS RULES | ||
| 650 | _aPROFESSIONAL CONDUCT | ||
| 650 | _aRICS PROFESSIONAL INDEMNITY INSURANCE RULES | ||
| 650 | _aRICS REGULATIONS | ||
| 650 | _aRICS RULES OF CONDUCT | ||
| 690 | _aMANAGEMENT-BUSINESS MANAGEMENT-PROFESSIONAL PRACTICE | ||
| 942 | _n0 | ||
| 948 | _c05/03/1998 | ||
| 999 |
_c96966 _d96966 |
||